Comment se nomment ces objets communs ? (3) - Statistiques

Statistiques générales
  • Ce quiz a été pris 55 fois
  • Le résultat moyen est 14 sur 25
Statistiques - réponses
Hint Réponse % Correct
L'animal marin qui ressemble à un cheval surnommé parfois le cheval de mer Hippocampe
98%
Le bouton sur lequel on appuie sur un appareil photo pour prendre un cliché Déclencheur
83%
La pièce de tissu portée par les Arabes sur la tête Keffieh
81%
La marmite profonde à fond arrondi en forme de calotte sphérique utilisée dans la cuisine asiatique Wok
81%
Le dispositif rectangulaire destiné à ralentir la vitesse des automobiles sans gêner les autres usagers de la chaussée (2 mots) Coussin berlinois
79%
Le "couvercle" qui permet de fermer un WC Abattant
74%
La partie creuse d'une cuillère Cuilleron
67%
Les trous destinés à passer le lacet d'une chaussure Oeillets
67%
Le petit instrument tenu entre le lèvres, muni d'une lame de métal que l'on fait vibrer pour produire un son Guimbarde
64%
La spatule en caoutchouc Maryse
64%
L'appareil qui permet d'affaiblir le son lorsqu'on le place dans le pavillon d'un instrument à vent Sourdine
62%
Le chapeau de fourrure porté par certains Juifs Schtreimel
60%
Le couvre-chef d'un pape ou d'un évêque Mitre
57%
Le "manche" sur lequel vient se fixer un drapeau Hampe
55%
La vitre d'un four Hublot
55%
Le "couloir" derrière le coeur d'une église Déambulatoire
50%
La tuile qui se pose tout en haut du toit Faitière
50%
Le lieu où se tient le commandant d'un navire Passerelle
50%
Le noeud utilisé pour retenir les cheveux derrière la tête Catogan
43%
La tige sur laquelle est fixée la pédale d'un vélo Manivelle
36%
L'extrémité de la perceuse dans laquelle on place le foret Mandrin
31%
La pièce en plastique ou en métal située au bout d'un lacet Aglet
21%
La coiffe blanche entourant la tête des nonnes descendant sur les épaules et couvrant poitrine et cou Guimpe
19%
L'espace entre la poignée et le cadre d'une raquette de teniis Coeur
10%
La partie de la cornemuse sur laquelle se posent les mains Chalumeau
5%
Aucun quiz correspondant
Distribution des résultats
% des personnes avec chaque résultat
Percentile par nombre de réponses
Votre historique - résultats
Vous n’avez pas pris ce quiz